00956nam a2200265 i 450000100060000000300090000600500170001500700030003200800410003502000180007608000190009408000150011310000530012824501060018125000120028726000580029930000290035749000250038665100440041170000300045583000330048585200330051899900170055195201220056877512ES-MaACL20251122063117.0t|041019s2004 sp ||||1| spa d a84-96152-31-6 a821.111-94"18" a914.60"18"1 aBlanco White, José María, d1775-184192930610aCartas de España / cJosé Blanco White ; traducción, introducción y notas de Antonio Garnica. a1ª ed. a[Sevilla] : bFundación José Manuel Lara, c2004. aXCIII, 402 p. ; c23 cm.1 aClásicos andaluces 4aEspaña-xDescripción-yS.XIX.981851 aGarnica, Antonio.91996970 aClásicos andaluces9184749 aES-MaACLjL-28295 bR.134286 c77512d77512 00104070aATENEOMbATENEOMcDEPO2d2008-01-17eSCl0oL-28295p1081096r2023-02-23 00:00:00w2023-02-23yMONOGRAFIA